00633nam a22001697a 450000500170000001000130001702000300003003500130006003700220007308200110009510000220010624501670012826000330029527000570032830000450038550000330043020180306141501.0 aB-689643 c1500.00.00a9789386223517 aB-689643 adplbAakar Books  a181.45 aWright, H.Nelson  aThe coinage and metrology of the sultans of Delhi:cby H. Nelson wright bincorporating a catalogue of the coins in the author's cabinat now in the Delhi museum / aDelhibB.R.Publishing c2017 a425,Nimri Colony,Ashok Vihar,Phase-IVbDelhie110052 axx,432p. c22cm(Hb)billus. photos, map  aIncludes geographical index